Textiles and industrial transition in Japan /

Saved in:
நூற்பட்டியல் விவரங்கள்
தலைமை எழுத்தாளர்: McNamara, Dennis L.
வடிவம்: புத்தகம்
மொழி:English
வெளியீடப்பட்டது: Ithaca : Cornell University Press, 1995.
பகுதிகள்:
குறியீடுகள்: குறிச்சொல் இணை
குறியீடுகள் இல்லை, இந்த குறிச்சொல்லை முதலில் பதிவு செய்யுங்கள்!
LEADER 00824pam a2200277 a 4500
001 005354357-2
005 20020606095253.2
008 941026s1995 nyu b 001 0 eng
010 |a  94043122  
020 |a 080143100X (acid-free paper) 
035 0 |a ocm31434876 
035 0 |a ocm31434876  |z ocm33334428 
040 |a DLC  |c DLC  |d DLC 
043 |a a-ja--- 
050 0 0 |a HD9866.J32  |b M38 1995 
082 0 0 |a 338.4/7677/00952  |2 20 
100 1 |a McNamara, Dennis L. 
245 1 0 |a Textiles and industrial transition in Japan /  |c Dennis L. McNamara. 
260 |a Ithaca :  |b Cornell University Press,  |c 1995. 
300 |a xvii, 206 p. ;  |c 24 cm. 
504 |a Includes bibliographical references and index. 
650 0 |a Textile industry  |z Japan. 
653 0 |a Textiles  |a Trades 
653 0 |a Japan 
988 |a 20020608 
906 |0 DLC